00545nam a2200121Ia 45000010005000000080041000050820027000461000154000732450130002272600024003579010027003819990015004082667241024s9999 xx 000 0 und d aRD/379.7293/R426m/2009 aRepública Dominicana. Secretaría de Estado de Educacion. Subsecretaría de Participación Comunitaria Gestión y Descentralización Educativa 0aMotivación para el reinicio de las clases, 6 de enero 2009, "Después de epifanía regresemos a la escuela con alegría" bSanto Domingoc2009 a5/12/2012 2:41:36 p.m. c8277d8277